[Event "Sparkassen-Open A"]
[Site "Heusenstamm, Martinsee"]
[Date "2017.11.24"]
[Round "2.43"]
[White "Hilzinger, Markus"]
[Black "Müdder, Melanie"]
[Result "0-1"]
[WhiteElo "2134"]
[BlackElo "1737"]
[PlyCount "58"]
[EventDate "2017.??.??"]
[WhiteTeam "SC Pforzheim"]
[BlackTeam "SG Solingen"]

1. c4 e5 2. Nc3 Nc6 3. Nf3 Bc5 4. g3 d6 5. Bg2 a6 6. O-O Nge7 7. e3 Ba7 8. b3
Bg4 9. h3 Bh5 10. g4 Bg6 11. d4 exd4 12. Nxd4 Qd7 13. Bb2 h5 14. Nd5 hxg4 15.
Qxg4 f5 16. Qg3 Bxd4 17. Bxd4 O-O-O 18. Bxg7 Rhg8 19. Nf6 Qe6 20. Nxg8 Rxg8 21.
Bc3 Bh5 22. Qf4 Ng6 23. Qh6 Bf3 24. Bg7 Bxg2 25. Kxg2 Qe7 26. Bc3 Nf4+ 27. Kh2
Qe4 28. Rg1 Rg2+ 29. Kh1 Rxf2+ 0-1

[Event "Sparkassen-Open A"]
[Site "Heusenstamm, Martinsee"]
[Date "2017.11.24"]
[Round "2.44"]
[White "Marchese, Andrea"]
[Black "Zimmermann, Rolf"]
[Result "1-0"]
[WhiteElo "1861"]
[BlackElo "2178"]
[PlyCount "72"]
[EventDate "2017.??.??"]
[WhiteTeam "SC Matt im Park"]
[BlackTeam "SC Tornado Hochneukirch"]

1. d4 d5 2. c4 e6 3. Nc3 c6 4. e3 Nf6 5. Nf3 Be7 6. Bd3 Nbd7 7. a3 b6 8. O-O
Ba6 9. cxd5 Bxd3 10. Qxd3 cxd5 11. Bd2 Qc7 12. Rac1 Qb7 13. Nb5 O-O 14. Rc7 Qa6
15. Qb3 Rfd8 16. Rfc1 Ne8 17. R7c6 Qb7 18. Qc2 Nb8 19. Rc3 Na6 20. Ne5 Nd6 21.
Nc7 Ne4 22. Rc6 Nb8 23. Nxa8 Nxc6 24. Nxc6 Rxa8 25. Nxe7+ Qxe7 26. Bb4 Qe8 27.
f3 Nf6 28. Qc7 h6 29. Qb7 a5 30. Bd6 b5 31. Rc7 Rb8 32. Qa7 Ra8 33. Qc5 a4 34.
Rc6 b4 35. axb4 Nd7 36. Qc3 Nb8 1-0

[Event "Sparkassen-Open A"]
[Site "Heusenstamm, Martinsee"]
[Date "2017.11.24"]
[Round "2.45"]
[White "Poghosyan, Tigran"]
[Black "Hagner, Bennet"]
[Result "1-0"]
[WhiteElo "2175"]
[BlackElo "1715"]
[PlyCount "39"]
[EventDate "2017.??.??"]
[WhiteTeam "Lübecker SV"]
[BlackTeam "Frankfurter TV"]

1. e4 c6 2. Nf3 d5 3. exd5 cxd5 4. c4 d4 5. d3 e5 6. a3 Bg4 7. Nbd2 Nc6 8. b4
Rc8 9. Be2 f5 10. b5 Bxf3 11. Nxf3 e4 12. bxc6 exf3 13. cxb7 fxg2 14. Rg1 Rc7
15. Qa4+ Kf7 16. Rb1 Qb8 17. Bf4 Rxb7 18. Bxb8 Rxb1+ 19. Bd1 Rxb8 20. Qxa7+ 1-0

[Event "Sparkassen-Open A"]
[Site "Heusenstamm, Martinsee"]
[Date "2017.11.24"]
[Round "2.46"]
[White "Nickel, Jonas"]
[Black "Berghof, Axel"]
[Result "0-1"]
[WhiteElo "1776"]
[BlackElo "2173"]
[PlyCount "74"]
[EventDate "2017.??.??"]
[WhiteTeam "SG Wächtersbach"]
[BlackTeam "SC Suhl"]

1. e4 c6 2. d4 d5 3. Nc3 g6 4. Nf3 Bg7 5. exd5 cxd5 6. Bb5+ Nc6 7. Be3 a6 8.
Ba4 b5 9. Bb3 e6 10. Qd2 Nge7 11. Bh6 Bf6 12. g4 Ng8 13. Bf4 h5 14. g5 Bg7 15.
O-O-O Nge7 16. Rhe1 O-O 17. Kb1 Nf5 18. Be5 Bxe5 19. dxe5 Qb6 20. Qe2 Rb8 21.
Bxd5 exd5 22. Nxd5 Qa7 23. Nf6+ Kh8 24. Qd2 Be6 25. Ne4 Rfd8 26. Nd6 Kh7 27.
Qc3 Qb6 28. Rd2 b4 29. Qd3 Nxe5 30. Nxe5 Rxd6 31. Qe2 Rxd2 32. Qxd2 Rd8 33. Qe2
Nd4 34. Qe3 Qa5 35. b3 Nxc2 36. Nc6 Qf5 37. Qe4 Nxe1 0-1

[Event "Sparkassen-Open A"]
[Site "Heusenstamm, Martinsee"]
[Date "2017.11.24"]
[Round "2.47"]
[White "Bastian, Ben"]
[Black "Liard, Thibaud"]
[Result "1/2-1/2"]
[WhiteElo "1675"]
[BlackElo "2169"]
[PlyCount "91"]
[EventDate "2017.??.??"]
[WhiteTeam "SC Herborn"]
[BlackTeam "SG Porz"]

1. d4 d5 2. c4 c6 3. Nc3 Nf6 4. Nf3 a6 5. e3 e6 6. Bd2 b5 7. cxd5 cxd5 8. a4 b4
9. Ne2 Bd6 10. Ng3 O-O 11. Bd3 a5 12. O-O Ba6 13. Qc2 Qc8 14. Qxc8 Rxc8 15.
Bxa6 Rxa6 16. Rac1 Rac6 17. Rxc6 Rxc6 18. Rc1 Bxg3 19. hxg3 Ne4 20. Rxc6 Nxc6
21. Kf1 Kf8 22. Ke2 Ke7 23. Be1 f6 24. Nd2 Nd6 25. b3 e5 26. Kd3 h5 27. f4 e4+
28. Ke2 Nf5 29. Bf2 g5 30. Nf1 Nd8 31. fxg5 fxg5 32. g4 hxg4 33. Ng3 Nh4 34.
Kf1 Ne6 35. Ne2 Nf5 36. Ng3 Nfg7 37. Ke1 Nf4 38. exf4 gxf4 39. Ne2 Ne6 40. Bh4+
Kf7 41. Bf2 e3 42. Bg1 Kf6 43. g3 f3 44. Bxe3 fxe2 45. Kxe2 Kf5 46. Kd3 1/2-1/2

[Event "Sparkassen-Open A"]
[Site "Heusenstamm, Martinsee"]
[Date "2017.11.24"]
[Round "2.48"]
[White "Felten, Maximilian"]
[Black "Meyner, Hannes"]
[Result "1-0"]
[WhiteElo "1675"]
[BlackElo "2159"]
[PlyCount "105"]
[EventDate "2017.??.??"]
[WhiteTeam "SG Trier"]
[BlackTeam "TG Wehlheiden"]

1. d4 Nf6 2. Nf3 d5 3. e3 c5 4. Nbd2 cxd4 5. exd4 Nc6 6. a3 Bg4 7. Be2 e6 8.
O-O Bd6 9. b3 O-O 10. Bb2 Rc8 11. Rc1 Qe7 12. a4 Rfd8 13. h3 Bh5 14. Ne5 Bxe2
15. Qxe2 Ba3 16. Bxa3 Qxa3 17. Nxc6 Rxc6 18. Qd3 Rdc8 19. c4 Qb4 20. Rc3 dxc4
21. Rxc4 Rxc4 22. Nxc4 Nd5 23. Rc1 b6 24. Rc2 Qe1+ 25. Qf1 Qe4 26. Qd1 g6 27.
Re2 Qf4 28. Qd2 Qxd2 29. Rxd2 Kf8 30. Kf1 Nf4 31. f3 Ke7 32. Kf2 h5 33. h4 Nd5
34. Rc2 Nb4 35. Rd2 Rc7 36. Ke2 Nd5 37. g3 Nc3+ 38. Kd3 Nd5 39. Ke2 Rc6 40. Rc2
Nb4 41. Rd2 a6 42. Rb2 Nd5 43. Rc2 Nb4 44. Rd2 f6 45. Rb2 Kd7 46. Kd2 Nd5 47.
Rc2 Ne7 48. Ne3 Nf5 49. Nxf5 gxf5 50. Rxc6 Kxc6 51. g4 fxg4 52. fxg4 hxg4 53.
h5 1-0

[Event "Sparkassen-Open A"]
[Site "Heusenstamm, Martinsee"]
[Date "2017.11.24"]
[Round "2.49"]
[White "Heinemann, Ernst"]
[Black "Poschadel, Andreas Gregor"]
[Result "1/2-1/2"]
[WhiteElo "2157"]
[BlackElo "1477"]
[PlyCount "95"]
[EventDate "2017.??.??"]
[WhiteTeam "SK Oldenburg"]
[BlackTeam "Hamelner SV"]

1. e4 e5 2. f4 d6 3. Bc4 Nf6 4. d3 Be7 5. Nf3 Nbd7 6. Nc3 b6 7. O-O Bb7 8. Qe2
O-O 9. Bd2 h6 10. Rae1 Re8 11. f5 Nc5 12. Qf2 Ba6 13. Bxa6 Nxa6 14. d4 Nd7 15.
Nd5 c6 16. Nxe7+ Qxe7 17. Qe2 Nc7 18. dxe5 dxe5 19. Be3 Nf6 20. Bf2 Red8 21.
Rd1 c5 22. Bg3 Nd7 23. f6 Nxf6 24. Nxe5 Qe6 25. b3 Nce8 26. Qf3 Rac8 27. Qf5
Qxf5 28. exf5 Nd5 29. Rfe1 Nef6 30. c4 Nb4 31. Rxd8+ Rxd8 32. h3 Rd2 33. a3 Nc2
34. Rf1 Ne3 35. Rf3 Rxg2+ 36. Kh1 Re2 37. Nc6 Ne4 38. Bf4 Re1+ 39. Kh2 Nd1 40.
Nxa7 Re2+ 41. Kg1 Ndc3 42. Nb5 Re1+ 43. Kg2 Ne2 44. Be3 Rb1 45. b4 cxb4 46.
axb4 Rxb4 47. Bxb6 Rxc4 48. Na3 1/2-1/2

[Event "Sparkassen-Open A"]
[Site "Heusenstamm, Martinsee"]
[Date "2017.11.24"]
[Round "2.50"]
[White "Sallwey, Rainer"]
[Black "Stork, Oliver"]
[Result "0-1"]
[WhiteElo "1436"]
[BlackElo "2156"]
[PlyCount "42"]
[EventDate "2017.??.??"]
[WhiteTeam "SK Langen"]
[BlackTeam "SV Oberursel"]

1. d4 Nf6 2. Nf3 d5 3. e3 c5 4. Bd3 Nc6 5. c3 Bg4 6. Nbd2 e6 7. O-O Be7 8. Qc2
Qc7 9. a3 c4 10. Be2 Bf5 11. Qd1 h6 12. b3 cxb3 13. Qxb3 O-O 14. c4 Rac8 15. c5
Ne4 16. Nxe4 dxe4 17. Nd2 e5 18. Bb2 exd4 19. exd4 Rfd8 20. Qe3 Bg5 21. Qc3
Nxd4 0-1

[Event "Sparkassen-Open A"]
[Site "Heusenstamm, Martinsee"]
[Date "2017.11.24"]
[Round "2.51"]
[White "Altenbernd, Jannis-Domenik"]
[Black "Lagunow, Raphael"]
[Result "1/2-1/2"]
[WhiteElo "1958"]
[BlackElo "2385"]
[PlyCount "116"]
[EventDate "2017.??.??"]
[WhiteTeam "SG Bünde"]
[BlackTeam "SK Zehlendorf"]

1. d4 d5 2. c4 c6 3. Nf3 Nf6 4. Qc2 g6 5. e3 Bf5 6. Bd3 Bxd3 7. Qxd3 Bg7 8.
Nbd2 O-O 9. O-O c5 10. b3 cxd4 11. exd4 Nc6 12. Bb2 Rc8 13. a3 Re8 14. Rfe1 a5
15. Rac1 Bh6 16. Rc2 Qd7 17. Ne5 Qf5 18. Qxf5 gxf5 19. f3 e6 20. Nxc6 bxc6 21.
Bc3 Ra8 22. c5 Reb8 23. Rb1 Nd7 24. Nf1 f6 25. Kf2 f4 26. g3 e5 27. gxf4 Bxf4
28. Ng3 Bxg3+ 29. hxg3 Kf7 30. Re2 Re8 31. Rh1 Kg6 32. Rhe1 Rab8 33. b4 axb4
34. axb4 Kf7 35. dxe5 fxe5 36. Bxe5 Nxe5 37. Rxe5 Rxe5 38. Rxe5 Rxb4 39. Rh5
Rc4 40. Rxh7+ Kg6 41. Rd7 Rxc5 42. g4 Kf6 43. Ke3 Rc3+ 44. Kd4 Rc4+ 45. Ke3 Ke6
46. Rd8 c5 47. Re8+ Kd7 48. Rh8 Rc1 49. Rh7+ Kc6 50. Rh6+ Kb5 51. g5 c4 52. Rh8
Rg1 53. f4 Kb4 54. Rd8 c3 55. Rc8 Re1+ 56. Kd4 Re4+ 57. Kxd5 Rxf4 58. Ke5 Rc4
1/2-1/2

[Event "Sparkassen-Open A"]
[Site "Heusenstamm, Martinsee"]
[Date "2017.11.24"]
[Round "2.52"]
[White "Tremöhlen, Thomas"]
[Black "Kramer, Julian"]
[Result "0-1"]
[WhiteElo "1978"]
[BlackElo "2356"]
[PlyCount "60"]
[EventDate "2017.??.??"]
[WhiteTeam "SG Kaarst"]
[BlackTeam "Hamburger SK"]

1. e4 c5 2. Nf3 d6 3. d4 cxd4 4. Nxd4 Nf6 5. Nc3 a6 6. Bg5 e6 7. f4 Nbd7 8. Qf3
Qc7 9. O-O-O b5 10. Bd3 Bb7 11. Qh3 b4 12. Nxe6 fxe6 13. Qxe6+ Be7 14. Na4 Nf8
15. Qb3 Qa5 16. e5 Bd5 17. Bc4 Bxc4 18. Qxc4 Qxa4 19. exf6 gxf6 20. Bxf6 Bxf6
21. Qe4+ Kf7 22. Qxa8 Qxa2 23. Qd5+ Qxd5 24. Rxd5 Be7 25. Ra5 Ne6 26. Rxa6 Rc8
27. Re1 Nc5 28. Ra7 Nd3+ 29. Kd2 Nxe1 30. Kxe1 Rxc2 0-1

[Event "Sparkassen-Open A"]
[Site "Heusenstamm, Martinsee"]
[Date "2017.11.24"]
[Round "2.53"]
[White "Köllner, Aaron Noah"]
[Black "Berg, Klaus"]
[Result "1/2-1/2"]
[WhiteElo "1935"]
[BlackElo "2340"]
[PlyCount "138"]
[EventDate "2017.??.??"]
[WhiteTeam "SV Bergneustadt/Derschlag"]
[BlackTeam "SG Turm Kiel"]

1. d4 Nf6 2. Nf3 g6 3. Nbd2 d5 4. e3 Bg7 5. b4 O-O 6. Bb2 Nbd7 7. c4 c6 8. a4
e5 9. Nxe5 Nxe5 10. dxe5 Ng4 11. Nf3 Qe7 12. Qb3 Nxe5 13. Nxe5 Bxe5 14. cxd5
cxd5 15. Be2 d4 16. O-O Be6 17. Qa3 Rad8 18. Rfd1 Bf5 19. Bf3 d3 20. Rd2 Rd7
21. Rad1 Rfd8 22. Bxe5 Qxe5 23. g3 h5 24. b5 Be4 25. Bxe4 Qxe4 26. h3 Rd5 27.
Qb3 Kh7 28. Rc1 R8d7 29. Rc3 Kg7 30. Rc8 Rd8 31. Qc3+ Kg8 32. Rc4 Qe6 33. Kh2
Qd6 34. Kg1 a6 35. bxa6 bxa6 36. h4 Qd7 37. Kh2 Rd6 38. a5 Qb5 39. Rd4 Rxd4 40.
exd4 Rd5 41. Rxd3 Qxa5 42. Qxa5 Rxa5 43. Kg2 Kf8 44. Kf3 Ke7 45. Ke4 Kd6 46.
Rb3 Rb5 47. Ra3 a5 48. Ra2 f6 49. f3 Ke6 50. Rc2 Rb6 51. Ra2 Ra6 52. Ra4 Kd6
53. Kd3 Kd5 54. Kc3 g5 55. Kd3 Ra8 56. Rc4 a4 57. Rc5+ Ke6 58. Kc2 a3 59. Kb1
gxh4 60. gxh4 Ra4 61. Rxh5 Rxd4 62. Ra5 Rd3 63. f4 Rf3 64. f5+ Rxf5 65. Rxa3
Rh5 66. Ra4 f5 67. Kc2 Ke5 68. Kd3 Rh8 69. Ke3 Rb8 1/2-1/2

[Event "Sparkassen-Open A"]
[Site "Heusenstamm, Martinsee"]
[Date "2017.11.24"]
[Round "2.54"]
[White "Papadopoulos, Ioannis"]
[Black "Alber, Horst"]
[Result "0-1"]
[WhiteElo "1836"]
[BlackElo "2293"]
[PlyCount "84"]
[EventDate "2017.??.??"]
[WhiteTeam "SV Oberursel"]
[BlackTeam "SK Marburg"]

1. e4 g6 2. d4 Bg7 3. Nc3 d6 4. Be3 a6 5. Qd2 b5 6. Bd3 Bb7 7. Nf3 Nd7 8. O-O
c5 9. a3 cxd4 10. Nxd4 Ngf6 11. Bh6 O-O 12. Bxg7 Kxg7 13. Kh1 Nc5 14. Rae1 e5
15. Nb3 Ne6 16. Nc1 Rc8 17. N1e2 Nh5 18. Nd5 Bxd5 19. exd5 Nc5 20. Ng3 Nxg3+
21. hxg3 f5 22. c3 h5 23. Re3 Qf6 24. Kg1 Rf7 25. Bc2 Rfc7 26. Rfe1 Rh8 27. Rf3
Re7 28. Rfe3 Qf7 29. R1e2 Nd7 30. Re1 Nf6 31. f3 h4 32. gxh4 f4 33. R3e2 Nh5
34. Qd3 Ng3 35. Rd2 Qf6 36. Rdd1 Rxh4 37. a4 Rh1+ 38. Kf2 Rh2 39. Kg1 e4 40.
fxe4 Qh4 41. Qd4+ Kf7 42. e5 Rh1+ 0-1

[Event "Sparkassen-Open A"]
[Site "Heusenstamm, Martinsee"]
[Date "2017.11.24"]
[Round "2.55"]
[White "Dunsbach, Ralf"]
[Black "Tjahja, Deryl"]
[Result "1-0"]
[WhiteElo "2209"]
[BlackElo "1904"]
[PlyCount "119"]
[EventDate "2017.??.??"]
[WhiteTeam "SK Bad Homburg"]
[BlackTeam "SGem Vaihingen-Rohr"]

1. Nf3 g6 2. c4 Bg7 3. g3 d6 4. Bg2 e5 5. Nc3 c5 6. O-O Nc6 7. d3 Nge7 8. Ne1
Be6 9. Nc2 d5 10. cxd5 Nxd5 11. Ne3 Nde7 12. Ne4 b6 13. Qa4 Qc7 14. Bd2 O-O 15.
Rfc1 Nd4 16. Qd1 a5 17. Ng5 Bd7 18. Bxa8 Rxa8 19. Nc2 Ndc6 20. Rab1 h6 21. Nf3
Be6 22. b3 Qd7 23. Ne3 Rd8 24. a3 f5 25. Qc2 Nd5 26. Nc4 e4 27. dxe4 fxe4 28.
Qxe4 Bf5 29. Qh4 g5 30. Nxg5 hxg5 31. Bxg5 Re8 32. Ne3 Bxb1 33. Rxb1 Nd4 34.
Re1 Nc3 35. Qh5 Qf7 36. Qg4 Nxb3 37. Nf5 Re4 38. Bf4 Qf8 39. Qg6 Kh8 40. Qh5+
Kg8 41. Qg6 Qf6 42. Nh6+ Kf8 43. Bd6+ Re7 44. Bxe7+ Qxe7 45. Qf5+ Bf6 46. Qc8+
Qe8 47. Qg4 Nd4 48. Qg8+ Ke7 49. Qc4 Ne6 50. e4 Nb5 51. e5 Bg5 52. Nf5+ Kf8 53.
Nd6 Nxa3 54. Qb3 Qg6 55. Qxa3 Bd2 56. Qf3+ Kg8 57. Qa8+ Kh7 58. Qe4 Bg5 59. h4
Be7 60. Qb7 1-0

[Event "Sparkassen-Open A"]
[Site "Heusenstamm, Martinsee"]
[Date "2017.11.24"]
[Round "2.56"]
[White "Meessen, Max"]
[Black "Lotz, Ralf"]
[Result "1-0"]
[WhiteElo "2193"]
[BlackElo "1910"]
[PlyCount "111"]
[EventDate "2017.??.??"]
[WhiteTeam "SK Oldenburg"]
[BlackTeam "SC Obertshausen"]

1. d4 e6 2. c4 d5 3. Nc3 Nf6 4. cxd5 exd5 5. Bg5 c6 6. e3 Be7 7. Bd3 Be6 8. Qc2
h6 9. Bh4 Ng4 10. Bg3 Bd6 11. Nge2 Bxg3 12. Nxg3 Na6 13. a3 Qa5 14. O-O O-O 15.
b4 Qd8 16. h3 Nf6 17. b5 Nc7 18. bxc6 bxc6 19. Na4 Qc8 20. Qxc6 Bd7 21. Qc2 Bb5
22. Nc5 Bxd3 23. Qxd3 Ne6 24. Rfc1 Qd8 25. Qf5 Re8 26. Nh5 Nxh5 27. Qxh5 Qg5
28. Qxg5 hxg5 29. Rab1 Rab8 30. Rxb8 Rxb8 31. Nxe6 fxe6 32. Rc7 Ra8 33. Re7 a5
34. a4 Ra6 35. Kh2 Kh7 36. Kg3 Kg6 37. Kg4 Kf6 38. Rb7 Ra8 39. Rb5 Ra6 40. f3
Ra8 41. Rc5 Ra6 42. Kg3 Ra8 43. e4 dxe4 44. fxe4 Ra6 45. Rb5 Ra7 46. Kf3 Ra6
47. Ke3 Kg6 48. d5 exd5 49. exd5 g4 50. hxg4 Kf6 51. Kd4 g5 52. Rc5 Ra8 53.
Rc6+ Kf7 54. Ke5 Rb8 55. Rc7+ Ke8 56. Ke6 1-0

[Event "Sparkassen-Open A"]
[Site "Heusenstamm, Martinsee"]
[Date "2017.11.24"]
[Round "2.57"]
[White "Gülsen, Taylan"]
[Black "Altenbernd, Dirk"]
[Result "1-0"]
[WhiteElo "2171"]
[BlackElo "1875"]
[PlyCount "173"]
[EventDate "2017.??.??"]
[WhiteTeam "SG Niederkassel"]
[BlackTeam "SK Tönsberg Oerlinghausen"]

1. d4 g6 2. e4 Bg7 3. Nc3 c6 4. Be3 d5 5. e5 f6 6. f4 Nh6 7. Nf3 O-O 8. Qd2 Na6
9. Bxa6 bxa6 10. Na4 Rb8 11. b4 Nf7 12. O-O Qc7 13. a3 Nd8 14. Ne1 a5 15. Nc5
Ne6 16. Ned3 Nxc5 17. Nxc5 f5 18. Rfc1 Re8 19. c4 e6 20. cxd5 exd5 21. Rab1
axb4 22. Rxb4 Bf8 23. Qb2 Bxc5 24. Rxb8 Bb6 25. Rxb6 axb6 26. Rb1 b5 27. Rc1
Qd7 28. Bd2 Bb7 29. Bb4 Ra8 30. Qe2 h5 31. e6 Qg7 32. Qe3 Re8 33. e7 Qf6 34.
Re1 Kf7 35. g3 Bc8 36. h4 Bd7 37. Qe5 Rc8 38. Qxf6+ Kxf6 39. Kf2 Be8 40. Ke3
Ke6 41. Kd3+ Kd7 42. Kc3 Ra8 43. Bc5 Ra4 44. Kb3 Ra6 45. Rc1 Ra4 46. Bb6 Ra6
47. Bd8 Ra4 48. Rd1 Kd6 49. Rd3 Kd7 50. Bb6 Ra6 51. Bc5 Ra4 52. Rd2 Kc7 53. Ra2
Kd7 54. Re2 Ra6 55. Kc3 Ra4 56. Rb2 Rc4+ 57. Kb3 Ra4 58. Ka2 Kc7 59. Rb3 Kd7
60. Kb2 Kc7 61. Re3 Kd7 62. Re5 Ra8 63. Bb4 Bf7 64. Kc3 Be6 65. Bc5 Bf7 66. Kd3
Be8 67. Ke3 Bf7 68. Kf2 Be6 69. Bb4 Rb8 70. Re1 Ra8 71. Ra1 Ra4 72. Bc5 Bf7 73.
e8=Q+ Bxe8 74. Re1 Rc4 75. Re7+ Kd8 76. Rb7 Rc2+ 77. Kf3 Rc3+ 78. Kg2 Bd7 79.
Ra7 Rc2+ 80. Kh3 Rxc5 81. dxc5 Be6 82. Kg2 d4 83. Kf2 Ke8 84. Ke2 Bc4+ 85. Kd2
Kf8 86. Rd7 d3 87. Rc7 1-0

[Event "Sparkassen-Open A"]
[Site "Heusenstamm, Martinsee"]
[Date "2017.11.24"]
[Round "2.58"]
[White "Merkel, Markus"]
[Black "Thomas, Tobias"]
[Result "1-0"]
[WhiteElo "2121"]
[BlackElo "1879"]
[PlyCount "93"]
[EventDate "2017.??.??"]
[WhiteTeam "SC Heitersheim"]
[BlackTeam "SK Langen"]

1. Nf3 Nc6 2. c4 e5 3. Nc3 f5 4. d3 Nf6 5. e3 g6 6. Be2 Bg7 7. O-O O-O 8. Rb1
d6 9. b4 Kh8 10. Qc2 Be6 11. a4 Ne7 12. Rd1 Nd7 13. Bf1 d5 14. cxd5 Nxd5 15.
Nxd5 Bxd5 16. e4 Bg8 17. Bb2 Rc8 18. d4 Qe7 19. dxe5 Nxe5 20. Nxe5 Bxe5 21. Rd7
Qf6 22. Bxe5 Qxe5 23. f4 Qe6 24. Rxc7 Rxc7 25. Qxc7 fxe4 26. Rd1 Qf7 27. Qc3+
Qf6 28. Qxf6+ Rxf6 29. Rd8 Kg7 30. Rd7+ Rf7 31. Rxf7+ Bxf7 32. Kf2 Kf6 33. g4
Bb3 34. a5 Ke6 35. Ke3 Kd5 36. Bg2 Bc2 37. Ke2 Bd3+ 38. Ke3 Bb5 39. g5 b6 40.
axb6 axb6 41. h4 Be8 42. Bf1 b5 43. Be2 Bd7 44. Bd1 Kd6 45. Kd4 Bf5 46. Be2 Kc6
47. Bf1 1-0

[Event "Sparkassen-Open A"]
[Site "Heusenstamm, Martinsee"]
[Date "2017.11.24"]
[Round "2.59"]
[White "Musiolik, David"]
[Black "Heindrich, Mark"]
[Result "1-0"]
[WhiteElo "1958"]
[BlackElo "2134"]
[PlyCount "180"]
[EventDate "2017.??.??"]
[WhiteTeam "SC Ramstein"]
[BlackTeam "TuS Dotzheim"]

1. e4 e5 2. Nf3 Nc6 3. Bb5 Nd4 4. Nxd4 exd4 5. O-O Bc5 6. Qg4 Qf6 7. d3 c6 8.
Ba4 d5 9. Qh5 g6 10. Qxd5 Bb6 11. Bg5 Qe6 12. c3 f6 13. Bd2 Ne7 14. Qxe6 Bxe6
15. cxd4 Bxd4 16. Bc3 O-O-O 17. Bc2 c5 18. Bxd4 Rxd4 19. Nc3 Nc6 20. a3 a6 21.
Na4 c4 22. dxc4 Bxc4 23. Rfd1 Kb8 24. Nb6 Be6 25. Rxd4 Nxd4 26. Ba4 Kc7 27. Rd1
Ne2+ 28. Kf1 Nf4 29. Nd5+ Bxd5 30. exd5 Rd8 31. Bb3 g5 32. g3 Ng6 33. Bc2 Kd6
34. Re1 Ne5 35. Bxh7 Rh8 36. Be4 Rxh2 37. Kg1 Rh8 38. Rc1 g4 39. Kg2 b5 40. b3
Rf8 41. f4 gxf3+ 42. Bxf3 Nxf3 43. Kxf3 Kxd5 44. Kf4 Re8 45. Rd1+ Kc6 46. Rd3
Re5 47. b4 Rg5 48. Rc3+ Kd7 49. Rd3+ Ke7 50. g4 Rg8 51. Rh3 Rd8 52. Re3+ Kf7
53. Rc3 Rd6 54. Kf5 Rd5+ 55. Ke4 Rd6 56. Rc7+ Kg6 57. Ra7 Kg5 58. Rg7+ Kh6 59.
Rg8 Kh7 60. Rc8 Kg6 61. Rc5 Rb6 62. Kf4 Rd6 63. g5 fxg5+ 64. Rxg5+ Kf6 65. Rh5
Kg6 66. Rh3 Re6 67. Rc3 Kf6 68. Rg3 Re1 69. Rh3 Kg6 70. Re3 Rf1+ 71. Ke5 Rd1
72. Ke6 Kg5 73. Ke7 Ra1 74. Kd7 Kf4 75. Rh3 Ke4 76. Kc7 Rg1 77. Rh6 Rg7+ 78.
Kb8 Kd4 79. Rxa6 Kc4 80. Ra7 Rg8+ 81. Kb7 Rg7+ 82. Kb6 Rg6+ 83. Ka5 Rg5 84.
Rc7+ Kd4 85. Kb6 Rg3 86. Kxb5 Rxa3 87. Rd7+ Kc3 88. Kc5 Ra8 89. b5 Rc8+ 90. Kb6
Kc4 1-0

[Event "Sparkassen-Open A"]
[Site "Heusenstamm, Martinsee"]
[Date "2017.11.24"]
[Round "2.60"]
[White "Hinrichs, Hans-Uwe"]
[Black "Binner, Peter"]
[Result "1-0"]
[WhiteElo "2123"]
[BlackElo "1788"]
[PlyCount "47"]
[EventDate "2017.??.??"]
[WhiteTeam "SK Bingen"]
[BlackTeam "Vorw.Orient Mainz"]

1. Nc3 c5 2. e4 Nc6 3. g3 g6 4. Bg2 Bg7 5. d3 e6 6. Nh3 Nge7 7. O-O O-O 8. Be3
d6 9. Qd2 Re8 10. Rae1 b6 11. Bh6 Bh8 12. f4 Bb7 13. f5 exf5 14. exf5 Bd4+ 15.
Kh1 Nxf5 16. Nd5 Nxh6 17. Qxh6 Bg7 18. Qf4 f5 19. Rxe8+ Qxe8 20. Nc7 Qd7 21.
Nxa8 Bxa8 22. Bd5+ Kh8 23. Ng5 Bf6 24. Nf7+ 1-0

[Event "Sparkassen-Open A"]
[Site "Heusenstamm, Martinsee"]
[Date "2017.11.24"]
[Round "2.61"]
[White "Thomas, Ingo"]
[Black "Kilthau, Peter"]
[Result "1-0"]
[WhiteElo "2095"]
[BlackElo "1826"]
[PlyCount "64"]
[EventDate "2017.??.??"]
[WhiteTeam "Krefelder SK Turm"]
[BlackTeam "SK Mannheim"]

1. e4 d6 2. d4 g6 3. f4 Bg7 4. Nf3 Nf6 5. Bd3 c6 6. c3 O-O 7. O-O Qb6 8. Nbd2
c5 9. Nc4 Qc7 10. dxc5 d5 11. exd5 Nxd5 12. Qe2 Qxc5+ 13. Kh1 e6 14. Ng5 Qe7
15. Be4 Nf6 16. Bf3 Nc6 17. Be3 Re8 18. Bxc6 bxc6 19. Ne5 Rf8 20. Nxc6 Qd6 21.
Ne5 Nd5 22. Ne4 Qa6 23. Qf2 Nxe3 24. Qxe3 Qb5 25. b3 Rd8 26. c4 Qe8 27. Rad1
Bb7 28. Nd6 Qe7 29. Nexf7 Rf8 30. Ng5 e5 31. Nxb7 Qxb7 32. fxe5 Rae8 1-0

[Event "Sparkassen-Open A"]
[Site "Heusenstamm, Martinsee"]
[Date "2017.11.24"]
[Round "2.62"]
[White "Calvi, Stefan"]
[Black "Bayer, Martin"]
[Result "1-0"]
[WhiteElo "2092"]
[BlackElo "1760"]
[PlyCount "111"]
[EventDate "2017.??.??"]
[WhiteTeam "SF Frankfurt"]
[BlackTeam "SK Gründau"]

1. e4 e5 2. Nf3 Nc6 3. d4 exd4 4. Nxd4 Bc5 5. Nb3 Bb6 6. Nc3 Qf6 7. Qe2 Nge7 8.
Be3 d6 9. O-O-O Be6 10. Nd5 Bxd5 11. exd5 Ne5 12. h3 O-O-O 13. Bxb6 axb6 14.
Kb1 N7g6 15. Rd4 Rde8 16. Qd2 Re7 17. a4 Nd7 18. a5 bxa5 19. Qxa5 Nb6 20. Qd2
Re5 21. f4 Re7 22. Bb5 Nh4 23. Rd3 Re4 24. g3 Ng6 25. Re1 Rxe1+ 26. Qxe1 Qf5
27. Qa5 Ne7 28. Qa7 Nexd5 29. Na5 Nb4 30. Qxb7+ Kd8 31. Qb8+ Qc8 32. Qa7 Nxd3
33. Nc6+ Ke8 34. Qa3 Kf8 35. Qxd3 Nd7 36. g4 Nc5 37. Qd4 h5 38. g5 Qxh3 39. b4
Ne6 40. Qe4 Qg4 41. Nd8 g6 42. Nxe6+ Qxe6 43. Qd4 Kg8 44. Bc4 Qe7 45. f5 Kh7
46. fxg6+ fxg6 47. Qd5 Rf8 48. b5 Qe5 49. Qc6 Qe7 50. Qd5 h4 51. Bd3 Qe5 52.
Qc4 Qxg5 53. Qxc7+ Kh6 54. Qxd6 Rf6 55. Qb8 h3 56. Qh8# 1-0

[Event "Sparkassen-Open A"]
[Site "Heusenstamm, Martinsee"]
[Date "2017.11.24"]
[Round "2.63"]
[White "Hess, Steffen"]
[Black "Weiland, Thomas"]
[Result "1-0"]
[WhiteElo "2027"]
[BlackElo "1787"]
[PlyCount "103"]
[EventDate "2017.??.??"]
[WhiteTeam "SC Groß-Zimmern"]
[BlackTeam "SV Oberursel"]

1. d4 f5 2. Bg5 g6 3. c4 Bg7 4. Nc3 Nf6 5. g3 c6 6. Bg2 d6 7. Nf3 O-O 8. Qd3
Qe8 9. O-O e5 10. dxe5 dxe5 11. e4 Na6 12. Nd2 Be6 13. a3 Nc5 14. Qe2 Nfxe4 15.
Ncxe4 fxe4 16. b4 Nd7 17. Nxe4 Nf6 18. Bxf6 Bxf6 19. Nxf6+ Rxf6 20. Qxe5 Qf7
21. Rac1 Rf8 22. Qe2 b5 23. cxb5 cxb5 24. Qxb5 Rxf2 25. Qc5 Rf5 26. Rxf5 gxf5
27. Re1 Rc8 28. Qe5 Bc4 29. Qd6 a6 30. Rc1 Qa7+ 31. Kh1 Re8 32. Qc5 Qf7 33.
Qxc4 Re1+ 34. Bf1 Qxc4 35. Rxc4 Rxf1+ 36. Kg2 Ra1 37. Rc3 Kg7 38. Kf3 Rf1+ 39.
Ke3 Rh1 40. Rc6 a5 41. bxa5 Rxh2 42. Rc4 Rg2 43. Kf3 Ra2 44. Ra4 Rd2 45. a6 Rd8
46. a7 Ra8 47. Kf4 Kf6 48. Ra6+ Kg7 49. Kxf5 Kf7 50. g4 Kg7 51. Ke6 Kf8 52. Kd7
1-0

[Event "Sparkassen-Open A"]
[Site "Heusenstamm, Martinsee"]
[Date "2017.11.24"]
[Round "2.64"]
[White "Pauls, Wilhelm"]
[Black "Ohler, Julius"]
[Result "1-0"]
[WhiteElo "2054"]
[BlackElo "1646"]
[PlyCount "45"]
[EventDate "2017.??.??"]
[WhiteTeam "SG Kaarst"]
[BlackTeam "SG Trier"]

1. e4 d5 2. exd5 Nf6 3. c4 c6 4. d4 cxd5 5. Nc3 Nc6 6. Nf3 Bg4 7. cxd5 Nxd5 8.
Qb3 Bxf3 9. gxf3 Nb6 10. Be3 e6 11. Rg1 Rc8 12. O-O-O Qf6 13. Bg5 Qg6 14. d5
exd5 15. Bd3 Qd6 16. Bf5 Ra8 17. Nb5 Qc5+ 18. Kb1 Na5 19. Rge1+ Be7 20. Bxe7
Qxe7 21. Rxe7+ Kxe7 22. Re1+ Kf8 23. Qb4+ 1-0

[Event "Sparkassen-Open A"]
[Site "Heusenstamm, Martinsee"]
[Date "2017.11.24"]
[Round "2.65"]
[White "Werner, Dimo"]
[Black "Heun, Andreas"]
[Result "1/2-1/2"]
[WhiteElo "2031"]
[BlackElo "1713"]
[PlyCount "36"]
[EventDate "2017.??.??"]
[WhiteTeam "TSV Schott Mainz"]
[BlackTeam "SC Ladja Roßdorf"]

1. d4 d5 2. Nf3 Nf6 3. e3 Bg4 4. c4 e6 5. Nbd2 Be7 6. Qb3 b6 7. Ne5 O-O 8. Nxg4
Nxg4 9. Be2 Nf6 10. O-O Nbd7 11. Bf3 c6 12. e4 dxe4 13. Nxe4 Rc8 14. Be3 Nxe4
15. Bxe4 Bd6 16. Rad1 Bxh2+ 17. Kxh2 Qh4+ 18. Kg1 Qxe4 1/2-1/2